000 00332nam a22001337a 4500
082 _a894.812
_bGOK/M
100 _aGOKULDAS ,N N
245 _aMAYAKKUMARUNNUKALUDE LOKHAM
246 _aMAYAKKUMARUNNUKALUDE LOKHAM
_bMAYAKKUMARUNNUKALUDE LOKHAM
260 _aTHRISSUR
_bKSSP
_c2022
300 _a24
650 _aMALAYALAM
942 _cBK
999 _c9131
_d9131